Một vài so sánh về bộ Quốc Triều hình luật (thời Lê) và bộ Hoàng Việt luật lệ (thời Nguyễn) /

Đã lưu trong:
书目详细资料
主要作者: Nguyễn Thị Bằng
格式: Bài viết
语言:Vietnamese
主题:
标签: 添加标签
没有标签, 成为第一个标记此记录!
Thư viện lưu trữ: Thư viện Trường Đại học Đà Lạt
LEADER 00911nam a2200289 4500
001 DLU180184917
005 ##20180516
040 # # |a DLU  |b vie 
041 # # |a vie 
044 # # |a vn 
100 # # |a Nguyễn Thị Bằng 
245 # # |a Một vài so sánh về bộ Quốc Triều hình luật (thời Lê) và bộ Hoàng Việt luật lệ (thời Nguyễn) /  |c Nguyễn Thị Bằng. 
653 # # |a Hệ thống pháp luật 
653 # # |a Hoàng Việt luật lệ 
653 # # |a Nhà Lê 
653 # # |a Nhà Nguyễn 
653 # # |a Quốc Triều hình luật 
773 # # |t Nghiên cứu Đông Nam Á  |g Số 7, 2016, tr. 64-75 
920 # # |a Phòng Tạp chí -- Trung tâm Thông tin - Thư viện Trường Đại học Đà Lạt 
994 # # |a DLU 
900 # # |a True 
911 # # |a Hoàng Thị Huyền 
925 # # |a G 
926 # # |a A 
927 # # |a BB 
980 # # |a Thư viện Trường Đại học Đà Lạt